Carvedilol - a beta-blocker with considerable antiaggregatory effect on human blood platelets

Bibliographic Details
Main Authors: Petríková, M. (Author), Jančinová, Viera (Author), Nosáľ, Radomír, 1941-2020 (Author), Májeková, Magdaléna, 1958- (Author), Fábryová, Viera, 1951- (Author)
Format: Article
Language:Slovak
English
ISSN:0006-9248
Subjects:

MARC

LEADER 00000nab a2200000 a 4500
001 vtls008414807
003 SK-MaSNL
005 20260304144919.0
008 250505c2005 xo 0 slo
015 |a SNBCL2005/5 
035 |a SLK032439 
035 |a urn:nbn:sk:snk-abvx0 
035 |a (urnnbn)urn:nbn:sk:snk:ar-a03ih6 
035 |a (uuid)b062ef29-2e17-4e0e-951b-593c318fff65 
040 |a SNKBUCL  |b slo  |c SNKBUCL  |e AACR2 
041 0 |a eng  |b eng 
044 |a xo  |c SK 
080 |a 616.12-008.331.1-085  |2 1981 
245 0 0 |a Carvedilol - a beta-blocker with considerable antiaggregatory effect on human blood platelets  |c M. Petríková ... [et al.] 
650 0 7 |a látky antihypertenzívne  |2 MESH  |9 1055573 
650 0 7 |a inhibítory agregácie trombocytov  |x aplikácia a dávkovanie  |2 MESH  |9 1466904 
650 0 7 |a trombocyty  |2 MESH  |9 21049 
650 0 7 |a imunológia  |2 MESH  |9 51082 
700 1 |a Petríková, M.  |4 aut  |u Institute of experimental pharmacology, Slovak academy of sciences, Bratislava  |9 781757 
700 1 |a Jančinová, Viera  |4 aut  |9 6243 
700 1 |a Nosáľ, Radomír,  |d 1941-2020  |4 aut  |9 218393 
700 1 |a Májeková, Magdaléna,  |d 1958-  |4 aut  |9 189636 
700 1 |a Fábryová, Viera,  |d 1951-  |4 aut  |9 107034 
773 0 |t Bratislavské lekárske listy  |g Vol. 106, no. 1 (2005), p. 20-25  |x 0006-9248 
850 |a Slovenská národná knižnica 
852 |a Slovenská národná knižnica 
958 |a article27 
958 |a OND 
958 |a EUIPO 
999 |c 2933875  |d 2935805